Luis Pasteur: el vencedor del mundo invisible
Saved in:
| Hovedforfatter: | |
|---|---|
| Format: | Bog |
| Sprog: | spansk |
| Udgivet: |
Santiago
Andrés Bello
1997
|
| Udgivelse: | 1a. ed |
| Fag: | |
| Tags: |
Tilføj Tag
Ingen Tags, Vær først til at tagge denne postø!
|
MARC
| LEADER | 00000nam a2200000 a 4500 | ||
|---|---|---|---|
| 001 | UCH4064 | ||
| 003 | CL-VaPUC | ||
| 008 | 090818e19970000CL |||||||||||||||||spa|d | ||
| 020 | |a 9561315041 | ||
| 082 | 0 | 4 | |a 509 |b FRE |2 21 |
| 100 | 0 | |a Fresán, Magdalena |e author |9 539519 | |
| 245 | 1 | 0 | |a Luis Pasteur: el vencedor del mundo invisible |
| 250 | |a 1a. ed | ||
| 300 | |a 125 p | ||
| 942 | |c BK | ||
| 945 | |d 20090818 00:00:00 |a ccalabra | ||
| 260 | |a Santiago |b Andrés Bello |c 1997 | ||
| 650 | 0 | |a Biología |9 262022 | |
| 650 | 0 | |a Biografías |9 255210 | |
| 650 | 0 | |a Inmunología |9 329894 | |
| 650 | 0 | |a Ciencia |9 255691 | |
| 650 | 0 | |a Científicos |9 262025 | |
| 651 | 0 | |a Francia |9 255157 | |
| 583 | |a last modification |c 20090818 00:00:00 |k Rodrigo Vera | ||
| 999 | |c 335418 |d 335416 | ||